00553nam a2200169Ia 4500001001000000003000500010008004100015010001100056040000900067082001800076111013800094245003700232260004400269300001100313650002500324650003400349Para_2058CHAP220125s1988 xx 000 0 und d a200691 cCHAP aPA 631.586 M8 aCurso : uso de las películas de plástico como arropado del suelo para la producción agrícola (1 : 1988 : Gomez Palacio, Dgo.) aMemorias /c por INIFAP-PRONAPA aGomez Palacio, Dgo. :b INIFAP-PRONAPA a139 p. aAcolchado de suelos  aPlásticos en la agricultura